000 00446nam a2200181Ia 4500
001 21418
005 20260306172917.0
008 260306t2007||||xx |||||||||||||| ||spa||
041 _aESP
082 _a344.83G
_bG23
100 _aGarcía Cavero, Percy [1970-...]
_eAUT
245 0 _aDerecho penal económico:
_bparte general
260 _c2007
300 _apágs. :
_c24 cm.
650 _aGEN
654 _aCDE
942 _cLIB
_dJUS
_fJUS
_2ddc
_n
999 _c21418
_d21418